Library Banner

State of human rights in 2005 / (Record no. 100062)

MARC details
000 -LEADER
fixed length control field 00385nam a22001457a 4500
005 - DATE AND TIME OF LATEST TRANSACTION
control field 20171116122254.0
008 - FIXED-LENGTH DATA ELEMENTS--GENERAL INFORMATION
fixed length control field 171116b xxu||||| |||| 00| 0 eng d
020 ## - INTERNATIONAL STANDARD BOOK NUMBER
International Standard Book Number 9698324216
040 ## - CATALOGING SOURCE
Transcribing agency PK-LaUMT
082 ## - DEWEY DECIMAL CLASSIFICATION NUMBER
Classification number PKAC 323.16668
Item number STA-
245 ## - TITLE STATEMENT
Title State of human rights in 2005 /
260 ## - PUBLICATION, DISTRIBUTION, ETC. (IMPRINT)
Place of publication, distribution, etc Lahore:
Name of publisher, distributor, etc Human rights commission of Pakistan
Date of publication, distribution, etc 2006
300 ## - PHYSICAL DESCRIPTION
Extent 319 p.
942 ## - ADDED ENTRY ELEMENTS (KOHA)
Koha item type Books
Holdings
Withdrawn status Lost status Damaged status Home library Current library Date acquired Full call number Barcode Date last seen Price effective from Koha item type
      UMT Main Campus UMT Main Campus 2017-11-16 PKAC 323.16668 STA- 115939 2017-11-16 2017-11-16 Books